000
00303nam a22001337a 4500
003
SGT
020
_a
9789388278027
082
_a
080
_b
R18C
100
_a
CHOPRA, R.M.
245
_a
REJOICING THE TWILIGHT: SPIRITUALITY FOR ALL
260
_b
ANURADHA PRAKASHAN
_c
2018
300
_a
115
942
_2
ddc
_c
BK
999
_c
31602
_d
31602